New Brunswick Premiers Quiz - Statistics

General Stats
  • This quiz has been taken 12 times
  • The average score is 12 of 39
Answer Stats
Term Political Party Premier % Correct
2014 - Present Liberal Brian Alexander Gallant
100%
1987 - 1997 Liberal Francis Joseph McKenna
60%
2006 - 2010 Liberal Shawn Michael Graham
60%
1999 - 2006 Progressive Conservative Bernard Lord
50%
2010 - 2014 Progressive Conservative David Nathan Alward
50%
1960 - 1970 Liberal Louis Joseph Robichaud
50%
1970 - 1987 Progressive Conservative Richard Bennett Hatfield
50%
1998 - 1999 Liberal Camille Thériault
40%
1997 - 1998 Liberal Joseph Raymond Frenette
40%
1935 - 1940 Liberal Allison A. Dysart
30%
1883 - 1896 Unofficial (Liberal) Andrew G. Blair
30%
1867 - 1870 Unofficial (Confederation) Andrew R. Wetmore
30%
1952 - 1960 Progressive Cosnervative Hugh John Flemming
30%
1911 - 1914 Unofficial (Conservative) James Kidd Flemming
30%
1940 - 1952 Liberal John B. McNair
30%
1856 - 1857 Unofficial John Hamilton Gray
30%
1933 - 1935 Conservative Leonard P.D. Tilley
30%
1923 - 1925 Unofficial (Liberal) Peter J. Veniot
30%
1861 - 1865 Unofficial Samuel Leonard Tilley
30%
1931 - 1933 Conservative Charles D. Richards
20%
1857 - 1861 Unofficial Charles Fisher
20%
1854 - 1856 Unofficial Charles Fisher
20%
1907 - 1908 Unofficial (Liberal) Clifford W. Robinson
20%
1882 - 1883 Unofficial Daniel L. Hanington
20%
1914 - 1917 Unofficial (Conservative) George Clarke
20%
1872 - 1878 Unofficial George E. King
20%
1870 - 1871 Unofficial George E. King
20%
1871 - 1872 Unofficial George L. Hathaway
20%
1897 - 1900 Unofficial (Liberal) Henry R. Emmerson
20%
1917 Unofficial (Conservative) James A. Murray
20%
1896 - 1897 Unofficial (Liberal) James Mitchell
20%
1925 - 1931 Unofficial (Conservative) John B.M. Baxter
20%
1908 - 1911 Unofficial (Conservative) John Douglas Hazen
20%
1878 - 1882 Unofficial John James Fraser
20%
1900 - 1907 Unofficial (Liberal) Lemuel J. Tweedie
20%
1866 - 1867 Unofficial (Confederation) Peter Mitchell
20%
1917 - 1923 Unofficial (Liberal) Walter E. Foster
20%
1907 Unofficial (Liberal) William Pugsley
20%
1865 - 1866 Unofficial (Anti-Confederation) Albert J. Smith
10%
No matching quizzes found
Score Distribution
Percent of People with Each Score
Percentile by Number Answered
Your Score History
You have not taken this quiz